书目信息 |
| 题名: |
水泥物理性能检验技术
|
|
| 作者: | 王旭方 , 朱连滨 主编 ;中国建材检验认证集团股份有限公司 , 国家水泥质量监督检验中心 编著 | |
| 分册: | ||
| 出版信息: | 北京 中国建材工业出版社 2021.1 |
|
| 页数: | 302页 | |
| 开本: | 26cm | |
| 丛书名: | ||
| 单 册: | ||
| 中图分类: | TQ172.1 | |
| 科图分类: | ||
| 主题词: | 水泥--物理性能--检验 | |
| 电子资源: | ||
| ISBN: | 978-7-5160-2019-7 | |
| 000 | 01256nam0 2200277 45 | |
| 001 | 012001000500 | |
| 005 | 20140911150623.0 | |
| 010 | @a978-7-5160-2019-7@dCNY68.00 | |
| 100 | @a20180125d2017 em y0chiy50 ea | |
| 101 | 0 | @achi |
| 102 | @aCN@b110000 | |
| 105 | @aa z 000yy | |
| 106 | @ar | |
| 200 | 1 | @a水泥物理性能检验技术@b专著@f中国建材检验认证集团股份有限公司,国家水泥质量监督检验中心编著@g中国建材检验认证集团股份有限公司, 国家水泥质量监督检验中心编著@Ashui ni wu li xing neng jian yan ji shu |
| 210 | @a北京@c中国建材工业出版社@d2021.1 | |
| 215 | @a302页@c图@d26cm | |
| 314 | @a主编:王旭方、朱连滨 | |
| 330 | @a本书以近年来国家颁布实施的有关水泥物理性能检验方法标准为依据,全面系统地介绍了水泥的分类和生产基本知识、水泥标准化与计量基础知识、水泥产品主要物理性能的定义及其检验方法。 | |
| 606 | 0 | @a水泥@x物理性能@x检验 |
| 690 | @aTQ172.1@v5 | |
| 701 | 0 | @a王旭方@Awang xu fang@4主编 |
| 701 | 0 | @a朱连滨@Azhu lian bin@c(商品检验)@4主编 |
| 712 | 02 | @a中国建材检验认证集团股份有限公司@Azhong guo jian cai jian yan ren zheng ji tuan gu fen you xian gong si@4编著 |
| 712 | 02 | @a国家水泥质量监督检验中心@Aguo jia shui ni zhi liang jian du jian yan zhong xin@4编著 |
| 801 | 0 | @aCN@bBJSDL@c20211011 |
| 905 | @b1331585-8@dTQ172.1@e80@f4 | |
| 水泥物理性能检验技术/中国建材检验认证集团股份有限公司,国家水泥质量监督检验中心编著/中国建材检验认证集团股份有限公司, 国家水泥质量监督检验中心编著.-北京:中国建材工业出版社,2021.1 |
| 302页:图;26cm |
| ISBN 978-7-5160-2019-7:CNY68.00 |
| 本书以近年来国家颁布实施的有关水泥物理性能检验方法标准为依据,全面系统地介绍了水泥的分类和生产基本知识、水泥标准化与计量基础知识、水泥产品主要物理性能的定义及其检验方法。 |
| ● |
| 相关链接 |
|
|
|
|
正题名:水泥物理性能检验技术
索取号:TQ172.1/80
 
预约/预借
| 序号 | 登录号 | 条形码 | 馆藏地/架位号 | 状态 | 备注 |
| 1 | 1331585 | 213315857 | 第二样本阅览室/ [索取号:TQ172.1/80] | 在馆 | |
| 2 | 1331586 | 213315866 | 第三借阅区/ [索取号:TQ172.1/80] | 在馆 | |
| 3 | 1331587 | 213315875 | 第三借阅区/ [索取号:TQ172.1/80] | 在馆 | |
| 4 | 1331588 | 213315884 | 第三借阅区/ [索取号:TQ172.1/80] | 在馆 |